00339nam a2200121Ia 4500008004100000040001700041041001200058082002200070100001700092245008900109260000900198300001000207230917s9999||||xx |||||||||||||| ||und|| e227002aMAIN aEnglish a372.954558 S 82 J aSatbir Singh 0aJob satisfaction among government primary school teachers (A study of Rohtak Block). c2015 a86 p.